|
|
|
|
| LEADER |
00000cam a2200000 7i4500 |
| 001 |
0000007579 |
| 005 |
20151222.0 |
| 008 |
070903 |
| 020 |
|
|
|a 9832400937
|
| 090 |
0 |
0 |
|a JF
|b Q ENG (7765)
|
| 100 |
1 |
|
|a Han,O.K
|
| 245 |
1 |
0 |
|a Question most people ask about :
|b sports in general
|c O.K Han; T.L Tan
|
| 260 |
|
|
|a Selangor :
|b Bright Publications ,
|c 2004
|
| 440 |
|
|
|a You need to know
|
| 500 |
|
|
|a Children ages 7-9 years old (orange)
|
| 650 |
|
0 |
|a Questions and answers
|x Juvenile literature
|
| 710 |
1 |
|
|a Tan, T.L
|
| 999 |
|
|
|a 0000874534
|b Book
|c Adult Collection
|e Cawangan Pontian
|
| 999 |
|
|
|a 0000874536
|b Book
|c Children Collection
|e Cawangan Segamat
|
| 999 |
|
|
|a 0000990837
|b Book
|c Children Collection
|e Perbadanan Perpustakaan Awam Johor
|
| 999 |
|
|
|a 0000990838
|b Book
|c Children Collection
|e Cawangan Taman Sri Lambak
|
| 999 |
|
|
|a 0000990839
|b Book
|c Children Collection
|e Perbadanan Perpustakaan Awam Johor
|
| 999 |
|
|
|a 0000990840
|b Book
|c Children Collection
|e Cawangan Sri Merlong
|